| 000 | 01901nam a2200421 c 4500 | ||
|---|---|---|---|
| 003 | BLK | ||
| 005 | 20250718180515.0 | ||
| 008 | 180411b bul|||||r ||||||| ||bul|| | ||
| 010 | _aKNG00176241000 | ||
| 020 | _a9786191995196 | ||
| 020 | _a3800083827085 | ||
| 040 | _aBLK | ||
| 041 |
_aBUL _cBUL |
||
| 080 |
_aПешеходен туризъм. Туристически походи _b796.51 _z796.51 |
||
| 100 | 1 |
_967544 _aЕрне, Андреа _d1958 - _gНемска писателка, автор на детска литература |
|
| 245 | 1 | 0 |
_aИзлет в планината _bЕнциклопедия за най-малките : 2 - 4 години : с повдигащи се капачета на всяка страница _cтекст Андреа Ерне ; ил. Ане Еберт ; прев. Розалина Палазова |
| 257 | _aDEU | ||
| 260 |
_aСофия _bФют _c2020 _fИталия |
||
| 300 |
_a14 с. _bс цв. ил. _c20 х 18 см |
||
| 380 | _aDN | ||
| 490 |
_aПоредица Защо? Какво? Как? _v28 _9208015 |
||
| 500 | _aКор. загл. - Ориг. загл. Wieso? Weshalb? Warum? Der Flughafen / Text Andrea Erne. - Кн. отпеч. на ламиниран картон. | ||
| 650 | 7 |
_aТуризъм _9174203 |
|
| 650 | 4 |
_aЕнциклопедии, детски _9154962 |
|
| 653 | _aенциклопедии | ||
| 653 | 7 |
_aпланини _9193844 |
|
| 653 | _aлитература за деца | ||
| 653 | _aдетска литература | ||
| 700 | 1 |
_aЕрне, Андреа _967544 |
|
| 700 | 1 |
_aПалазова, Розалина Борилова _9105705 |
|
| 700 | 1 |
_aЕберт, Ане _966443 |
|
| 852 | _aЦб 303864 | ||
| 856 | 4 | _qpdf | |
| 856 | 4 | _qpdf | |
| 942 |
_cKNG _n0 _0147 _s1 |
||
| 944 |
_aED _c2025-07-08 _lАнна Гръцманова _k30564 |
||
| 999 |
_c377404 _d377404 |
||